000 00827nam a22002777a 4500
001 BR6600370
003 BR-BrBNA
005 20230928083441.0
007 ta
008 230509b bl.||||| |||| 00| 0 por d
040 _aBR-BrBNA
_bpor
_cBiblioteca Nacional de Agricultura
041 _a(Por)
072 _aL00
_b9410
_b/G514
090 _ 9410 BR6600370
100 1 _aNoronha, J.F. de
110 1 _aUniversidade Rural do Estado de Minas Gerais, Vicosa (Brasil)
_0Tese (Magister Scientiae)
_911280
245 1 _aCoeficientes de producao de leite em seis municipios mineiros [Brasil]
260 3 _aVicosa, MG (Brasil):
_c1966.
300 _a65 p.
500 _a35 ref.; 32 tables
650 _aPRODUCAO LEITEIRA
650 _aLEITE
650 _aMINAS GERAIS
909 _a202309
_bLucia
_c55
_dLucia Elande
942 _cBK
999 _c13542
_d13542